00630nam a2200193Ia 4500008004100000020001400041082001700055100002200072245002300094250000800117260002900125300000800154500002400162650001600186942000700202952010600209952010600315999001500421230524s9999 xx 000 0 und d a812970160 a621.381bKRI aK.A.Krishnamurthy 0aDigital Lab Primer a1ST aNEW DELHIbPearsonc2003 a303 aQuantity Number: 2 aElectronics cBK 00104070aTATCLbTATCLcGENd2023-05-24l0o621.381 KRIp6029r2023-05-24w2023-05-24yBKzCPEC5203 00104070aTATCLbTATCLcGENd2023-05-24l0o621.381 KRIp6030r2023-05-24w2023-05-24yBKzCPEC5203 c7829d7829